000
00319nam a22001217a 4500
999
_c
8528
_d
8528
008
200316b ||||| |||| 00| 0 eng d
100
_a
Nanda, Sanju
245
_a
Cosmetic Technology
250
_a
Reprint 2019
260
_a
Delhi
_b
Birla Publications
650
_a
Pharmaceutical Dosage form /Cosmetic
942
_2
ddc
_c
BK